000 01717nam a2200349 c 4500
003 BLK
005 20231023094922.0
008 180408b bul|||||r ||||||| ||bul||
010 _aKNG00056736000
020 _a954-9574-37-7
_bиздат.: Тракия-М
040 _aBLK
041 _aBUL
_cBUL
080 _aИкономически теории. Икономически учения и школи
_b330.8
_x(091)(075.8)
_z330.8(091)(075.8)
100 1 _aТошкова, Светла Бориславова
_eпърви автор
_9257169
139 _aТошкова, Светла Бориславова
_bТ 78
245 1 0 _aИкономическите алтернативи
_cСветла Бориславова Тошкова.
250 _a3. изд.
257 _aBGR
260 София
_bТракия-М
_c1999
_fВраца : Полипринт
300 _a307 с.
_bс ил., сх., диагр.
_c24 см
380 _a3
500 _a1. изд. 1993 със загл. Икономическите алтернативи : История на икон. теории : Ч. 1. на изд. График-Амат. - Офс. изд. - Библиогр. след отд. гл. ; Именен показалец. - Съдържа и за авт.
650 4 _aИкономически учения - история - учебници за ВУЗ
_9259911
653 _aикономически учения
653 _aучебници за ВУЗ
852 _aЦб 225577
856 4 _qpdf
_u
856 4 _qpdf
_u
942 _cKNG
_n0
_02
944 _aCR
_c18.11.2005
_lМартин Енчев
_k30575
944 _aED
_c07.04.2015
_lф /
_kВиолета_Тройчева
999 _c52810
_d52810